000
00293nam a2200109 4500
008
160622b xxu||||| |||| 00| 0 eng d
100
_9
528
_a
Bansal, R, K
245
_a
An English Phonetic Raeder
260
_a
Orient longman Bombay
_c
1976
300
_a
An English Phonetic Raeder
942
_2
ddc
_c
BK
999
_c
438
_d
438